<?xml version="1.0" encoding="UTF-8"?>
<record
    xmlns:xsi="http://www.w3.org/2001/XMLSchema-instance"
    xsi:schemaLocation="http://www.loc.gov/MARC21/slim http://www.loc.gov/standards/marcxml/schema/MARC21slim.xsd"
    xmlns="http://www.loc.gov/MARC21/slim">

  <leader>     nam a22     7a 4500</leader>
  <datafield tag="999" ind1=" " ind2=" ">
    <subfield code="c">7144</subfield>
    <subfield code="d">7144</subfield>
  </datafield>
  <controlfield tag="003">OSt</controlfield>
  <controlfield tag="005">20180626175147.0</controlfield>
  <controlfield tag="008">180626|2018    sp |||||||||||||| ||spa|d</controlfield>
  <datafield tag="017" ind1=" " ind2=" ">
    <subfield code="a">DL M 4720-2018</subfield>
    <subfield code="b">Madrid</subfield>
  </datafield>
  <datafield tag="020" ind1=" " ind2=" ">
    <subfield code="a">9788494808609</subfield>
  </datafield>
  <datafield tag="040" ind1=" " ind2=" ">
    <subfield code="c">CDMR</subfield>
  </datafield>
  <datafield tag="100" ind1="1" ind2=" ">
    <subfield code="a">Bly, Nellie,</subfield>
    <subfield code="d">1864-1922,</subfield>
    <subfield code="e">autor </subfield>
  </datafield>
  <datafield tag="245" ind1="1" ind2="3">
    <subfield code="a">La vuelta al mundo en 72 d&#xED;as y otros escritos</subfield>
    <subfield code="c">/ Nellie Bly ; introducci&#xF3;n y notas de Jean Marie Lutes ; pr&#xF3;logo de Maureen Corrigan ; traducci&#xF3;n de Silvia Moreno Parrado</subfield>
  </datafield>
  <datafield tag="260" ind1=" " ind2=" ">
    <subfield code="a">Madrid :</subfield>
    <subfield code="b">Capit&#xE1;n Swing,</subfield>
    <subfield code="c">2018</subfield>
  </datafield>
  <datafield tag="300" ind1=" " ind2=" ">
    <subfield code="a">431 p.</subfield>
    <subfield code="c">22 cm</subfield>
  </datafield>
  <datafield tag="600" ind1="1" ind2="7">
    <subfield code="a">Bly, Nellie,</subfield>
    <subfield code="d">1864-1922</subfield>
    <subfield code="x">Viatges</subfield>
    <subfield code="2">lemac </subfield>
  </datafield>
  <datafield tag="650" ind1=" " ind2="7">
    <subfield code="a">Dones periodistes</subfield>
    <subfield code="z">Estats Units d'Am&#xE8;rica</subfield>
    <subfield code="x">Biografia</subfield>
    <subfield code="2">lemac</subfield>
  </datafield>
  <datafield tag="942" ind1=" " ind2=" ">
    <subfield code="c">MON</subfield>
  </datafield>
  <datafield tag="952" ind1=" " ind2=" ">
    <subfield code="0">0</subfield>
    <subfield code="1">0</subfield>
    <subfield code="4">0</subfield>
    <subfield code="7">0</subfield>
    <subfield code="a">CDMR</subfield>
    <subfield code="b">CDMR</subfield>
    <subfield code="d">2018-06-26</subfield>
    <subfield code="e">Intercanvi</subfield>
    <subfield code="g">22.00</subfield>
    <subfield code="l">14</subfield>
    <subfield code="m">10</subfield>
    <subfield code="o">Dj /97</subfield>
    <subfield code="p">CDMR18060005</subfield>
    <subfield code="r">2024-11-21</subfield>
    <subfield code="s">2024-06-13</subfield>
    <subfield code="v">22.00</subfield>
    <subfield code="w">2018-06-26</subfield>
    <subfield code="y">MON</subfield>
  </datafield>
</record>
